Rebusy z pierwiastków chemicznych - państwa. - Statystyki

Ogólne statystyki
  • Ten quiz został rozwiązany 61 razy
  • Średni wynik to 16 z 21
Statystyki odpowiedzi
Wskazówka Odpowiedź % Poprawnych
jod, rad, azot Iran
96%
potas, uran, bar Kuba
92%
jod, rad, potas Irak
88%
fosfor, erb, uran Peru
86%
węgiel, wodór, ind, itr Chiny
84%
lit, bar, azot Liban
84%
sód, uran, ruten Nauru
82%
neon, fosfor, glin Nepal
82%
węgiel, itr, prazeodym Cypr
80%
gal, bor, tlen, azot Gabon
80%
uran, potas, rad, jod, sód Ukraina
80%
beryl, nikiel, azot Benin
76%
bar, wodór, ameryk, itr Bahamy
73%
potas, ameryk, erb, uran, azot Kamerun
73%
bohr, uran, tantal, azot Bhutan
71%
holm, neodym, uran, rad, siarka Honduras
71%
potas, astat, argon Katar
71%
protaktyn, lantan, uran Palau
71%
protaktyn, potas, jod, siarka, tantal, azot Pakistan
67%
bor, uran, ruten, neodym, jod Burundi
65%
einstein, wolfram, astat, jod, nikiel Eswatini
65%
Nie znaleziono quizów pasujących do podanych kryteriów
Rozkład punktacji
Procent ludzi z każdym wynikiem
Percentyl według liczby udzielonych odpowiedzi
Twoja historia wyników
Nie rozwiązałeś tego quizu